The usage of cephalometric parameters as predictors of stature and gender in Egyptian adults / (رقم التسجيلة. 58126)
[ عرض عادي ]
| 000 -LEADER | |
|---|---|
| fixed length control field | 02587cam a2200349 a 4500 |
| 003 - CONTROL NUMBER IDENTIFIER | |
| control field | EG-GiCUC |
| 005 - DATE AND TIME OF LATEST TRANSACTION | |
| control field | 20250223031558.0 |
| 008 - FIXED-LENGTH DATA ELEMENTS--GENERAL INFORMATION | |
| fixed length control field | 161017s2016 ua dh f m 000 0 eng d |
| 040 ## - CATALOGING SOURCE | |
| Original cataloging agency | EG-GiCUC |
| Language of cataloging | eng |
| Transcribing agency | EG-GiCUC |
| 041 0# - LANGUAGE CODE | |
| Language code of text/sound track or separate title | eng |
| 049 ## - LOCAL HOLDINGS (OCLC) | |
| Holding library | Deposite |
| 097 ## - Thesis Degree | |
| Thesis Level | M.Sc |
| 099 ## - LOCAL FREE-TEXT CALL NUMBER (OCLC) | |
| Classification number | Cai01.11.13.M.Sc.2016.He.U |
| 100 0# - MAIN ENTRY--PERSONAL NAME | |
| Personal name | Heba Mohammed Aboubakr |
| 245 14 - TITLE STATEMENT | |
| Title | The usage of cephalometric parameters as predictors of stature and gender in Egyptian adults / |
| Statement of responsibility, etc. | Heba Mohammed Aboubakr ; Supervised Abeer Ahmed Ahmed Zayed , Abla Abdelrahman Ali , Mokhtar Fathy Abdelsattar |
| 246 15 - VARYING FORM OF TITLE | |
| Title proper/short title | استخدام معايير قياسات الرأس كمؤشرات لطول القامة و النوع فى المصريين البالغين |
| 260 ## - PUBLICATION, DISTRIBUTION, ETC. | |
| Place of publication, distribution, etc. | Cairo : |
| Name of publisher, distributor, etc. | Heba Mohammed Aboubakr , |
| Date of publication, distribution, etc. | 2016 |
| 300 ## - PHYSICAL DESCRIPTION | |
| Extent | 121 P. : |
| Other physical details | charts , facsimiles ; |
| Dimensions | 25cm |
| 502 ## - DISSERTATION NOTE | |
| Dissertation note | Thesis (M.Sc.) - Cairo University - Faculty of Medicine - Department of Forensic Medicine - Toxicology |
| 520 ## - SUMMARY, ETC. | |
| Summary, etc. | Objectives: The objective of the present study was an attempt to estimate stature and gender from cephalic measurements in Egyptian candidates. Subjects and Methods: Four hundred (400) healthy Egyptian adults (200 Males and 200 Females) aged between 21-29 years were recruited. Stature and five cephalometric parameters (Head circumference, Maximum head length, Maximum head breadth, Biocular width and Mouth width) of each subject were measured. Data were analyzed by using statistical software SPSS-22. Results: The present study showed that there is positive highly statistical significant correlation between stature and the cephalometric parameters. Also the cephalometric parameters showed highly statistical significant difference between male and female studied groups and were able to estimate gender with accuracy value 82.8% through discriminant score. Conclusion: The present study proved that cephalometric parameters show good reliability and applicability for stature estimation and gender identification. Application of the concluded regression equations and discriminant score and usage of cephalometric anthropology into clinical practice is recommended |
| 530 ## - ADDITIONAL PHYSICAL FORM AVAILABLE NOTE | |
| Additional physical form available note | Issued also as CD |
| 653 #4 - INDEX TERM--UNCONTROLLED | |
| Uncontrolled term | Cephalic measurements |
| 653 #4 - INDEX TERM--UNCONTROLLED | |
| Uncontrolled term | Forensic anthropology |
| 653 #4 - INDEX TERM--UNCONTROLLED | |
| Uncontrolled term | Identification |
| 700 0# - ADDED ENTRY--PERSONAL NAME | |
| Personal name | Abeer Ahmed Ahmed Zayed , |
| Relator term | |
| 700 0# - ADDED ENTRY--PERSONAL NAME | |
| Personal name | Abla Abdelrahman Ali , |
| Relator term | |
| 700 0# - ADDED ENTRY--PERSONAL NAME | |
| Personal name | Mokhtar Fathy Abdelsattar , |
| Relator term | |
| 856 ## - ELECTRONIC LOCATION AND ACCESS | |
| Uniform Resource Identifier | <a href="http://172.23.153.220/th.pdf">http://172.23.153.220/th.pdf</a> |
| 905 ## - LOCAL DATA ELEMENT E, LDE (RLIN) | |
| Cataloger | Enas |
| Reviser | Cataloger |
| 905 ## - LOCAL DATA ELEMENT E, LDE (RLIN) | |
| Cataloger | Nazla |
| Reviser | Revisor |
| 942 ## - ADDED ENTRY ELEMENTS (KOHA) | |
| Source of classification or shelving scheme | Dewey Decimal Classification |
| Koha item type | Thesis |
| Source of classification or shelving scheme | Not for loan | Home library | Current library | Date acquired | Full call number | Barcode | Date last seen | Koha item type | Copy number |
|---|---|---|---|---|---|---|---|---|---|
| Dewey Decimal Classification | المكتبة المركزبة الجديدة - جامعة القاهرة | قاعة الرسائل الجامعية - الدور الاول | 11.02.2024 | Cai01.11.13.M.Sc.2016.He.U | 01010110069909000 | 22.09.2023 | Thesis | ||
| Dewey Decimal Classification | المكتبة المركزبة الجديدة - جامعة القاهرة | مخـــزن الرســائل الجـــامعية - البدروم | 11.02.2024 | Cai01.11.13.M.Sc.2016.He.U | 01020110069909000 | 22.09.2023 | CD - Rom | 69909.CD |